Diagnóstico y tratamiento médico (Registro nro. 5496)
[ vista simple ]
| 000 -CABECERA | |
|---|---|
| campo de control de longitud fija | 00696aaa a2200265 i 4500 |
| 001 - NÚMERO DE CONTROL | |
| campo de control | Rebiun26696390 |
| 003 - IDENTIFICADOR DEL NÚMERO DE CONTROL | |
| campo de control | AR-RoIUNI |
| 005 - FECHA Y HORA DE LA ÚLTIMA TRANSACCIÓN | |
| campo de control | 20220830154343.0 |
| 006 - CÓDIGOS DE INFORMACIÓN DE LONGITUD FIJA--CARACTERÍSTICAS DEL MATERIAL ADICIONAL | |
| campo de control de longitud fija | a|||||r|||| 00| 0 |
| 007 - CAMPO FIJO DE DESCRIPCIÓN FÍSICA--INFORMACIÓN GENERAL | |
| campo de control de longitud fija | ta |
| 008 - DATOS DE LONGITUD FIJA--INFORMACIÓN GENERAL | |
| campo de control de longitud fija | 201021t20192009sp a|||| |||| 00| 0 spa d |
| 020 ## - NÚMERO INTERNACIONAL ESTÁNDAR DEL LIBRO | |
| Número Internacional Estándar del Libro | 9788417184629 |
| 040 ## - FUENTE DE LA CATALOGACIÓN | |
| Centro/agencia modificador | ES-MaUEC |
| Centro/agencia transcriptor | AR-RoIUNI |
| 080 ## - NÚMERO DE LA CLASIFICACIÓN DECIMAL UNIVERSAL | |
| Número de la Clasificación Decimal Universal | 616-07 GREE |
| 245 13 - MENCIÓN DE TÍTULO | |
| Título | Diagnóstico y tratamiento médico |
| Mención de responsabilidad, etc. | Grupo Científico DTM |
| 246 ## - FORMA VARIANTE DE TÍTULO | |
| Título propio/Titulo breve | Green Book |
| 260 ## - PUBLICACIÓN, DISTRIBUCIÓN, ETC. (PIE DE IMPRENTA) | |
| Lugar de publicación, distribución, etc. | Madrid |
| Nombre del editor, distribuidor, etc. | Marbán |
| Fecha de publicación, distribución, etc. | c2019 |
| 300 ## - DESCRIPCIÓN FÍSICA | |
| Extensión | 2624 p. |
| Otras características físicas | il., gra. |
| Dimensiones | 22 x 11 cm. |
| 490 0# - MENCIÓN DE SERIE | |
| Mención de serie | Green book |
| 650 10 - PUNTO DE ACCESO ADICIONAL DE MATERIA--TÉRMINO DE MATERIA | |
| Término de materia o nombre geográfico como elemento inicial | Terapéutica |
| 9 (RLIN) | 220 |
| 650 10 - PUNTO DE ACCESO ADICIONAL DE MATERIA--TÉRMINO DE MATERIA | |
| Término de materia o nombre geográfico como elemento inicial | Semiología |
| 9 (RLIN) | 240 |
| 650 10 - PUNTO DE ACCESO ADICIONAL DE MATERIA--TÉRMINO DE MATERIA | |
| Término de materia o nombre geográfico como elemento inicial | Diagnóstico |
| 9 (RLIN) | 471 |
| 710 ## - PUNTO DE ACCESO ADICIONAL--NOMBRE DE ENTIDAD CORPORATIVA | |
| Nombre de entidad corporativa o nombre de jurisdicción como elemento de entrada | Grupo Científico DT |
| 942 ## - ELEMENTOS DE PUNTO DE ACCESO ADICIONAL (KOHA) | |
| Fuente del sistema de clasificación o colocación | Clasificación Decimal Universal |
| Tipo de ítem Koha | Libros |
| Estado de retiro | Estado de pérdida | Fuente del sistema de clasificación o colocación | Estado dañado | Excepción de préstamo | Localización permanente | Ubicación/localización actual | Ubicación en estantería | Fecha de adquisición | Fuente de adquisición | Coste, precio normal de compra | Número de inventario | Total de préstamos | Signatura topográfica completa | Código de barras | Fecha visto por última vez | Coste, precio de reemplazo | Precio válido a partir de | Tipo de ítem Koha |
|---|---|---|---|---|---|---|---|---|---|---|---|---|---|---|---|---|---|---|
| Clasificación Decimal Universal | BIBLIOTECA CF RUFINO | BIBLIOTECA CF RUFINO | BIBLIOTECA CF RUFINO | 30/08/2022 | Compra | 15680.00 | 7350 | 616-07 GRE | 7350 | 30/08/2022 | 15680.00 | 30/08/2022 | Libros |

